| 000 | 00389nam a22001457a 4500 | ||
|---|---|---|---|
| 005 | 20250716091459.0 | ||
| 008 | 250716b |||||||| |||| 00| 0 eng d | ||
| 020 | _a9780877849926 | ||
| 050 |
_aBS2555 _b.5 BLO |
||
| 100 | _aBLOMBERG CRAIG | ||
| 245 | _aTHE HISTORICAL RELIABILITY OF THE GOSPELS | ||
| 260 |
_aLEICESTER _bINTERVASITY PRESS _cc1987 |
||
| 300 | _axx, 268p | ||
| 942 |
_2lcc _cBK _n0 |
||
| 999 |
_c6990 _d6990 |
||